Công trình vượt sông

保存先:
書誌詳細
第一著者: Nguyễn Xuân Trục
フォーマット: 図書
言語:Undetermined
出版事項: Hà Nội Xây dựng 1984
タグ: タグ追加
タグなし, このレコードへの初めてのタグを付けませんか!
Thư viện lưu trữ: Trung tâm Học liệu Trường Đại học Cần Thơ
LEADER 00492nam a2200169Ia 4500
001 CTU_14554
008 210402s9999 xx 000 0 und d
082 |a 624.28 
082 |b Tr506 
100 |a Nguyễn Xuân Trục 
245 0 |a Công trình vượt sông 
245 0 |c Nguyễn Xuân Trục 
260 |a Hà Nội 
260 |b Xây dựng 
260 |c 1984 
904 |i Nguyễn Quang Điền, 970106 
980 |a Trung tâm Học liệu Trường Đại học Cần Thơ